Complete the Titles of Songs by The Beatles #1 - Statistics

General Stats
  • This quiz has been taken 160 times
  • The average score is 14 of 15
Answer Stats
Answer % Correct
Can’t Buy Me {Love}
100%
I Want To Hold Your {Hand}
100%
From Me To {You}
99%
Yellow {Submarine}
99%
Hey {Jude}
97%
Eleanor {Rigby}
96%
Penny {Lane}
95%
The Ballad of John and {Yoko}
91%
Ticket To {Ride}
91%
While My Guitar Gently {Weeps}
91%
Hello {Goodbye}
88%
Get {Back}
83%
Helter {Skelter}
80%
Got To Get You Into My {Life}
79%
I Feel {Fine}
78%
No matching quizzes found
Score Distribution
Percent of People with Each Score
Percentile by Number Answered
Your Score History
You have not taken this quiz